[Event "Gatineau LEO-B"]
[Site "Gatineau"]
[Date "2012.04.24"]
[Round "3"]
[White "Corrigan, Paul"]
[Black "Morones, Oliver"]
[Result "0-1"]
[WhiteElo "1308"]
[BlackElo "1258"]
[PlyCount "52"]
[EventDate "2012.04.10"]
[EventType "swiss"]
[EventRounds "6"]
[EventCountry "CAN"]
[SourceTitle "EXT 2013"]
[Source "ChessBase"]
[SourceDate "2012.11.22"]
[SourceVersion "1"]
[SourceVersionDate "2012.11.22"]
[SourceQuality "1"]

1. e4 d6 2. d4 e6 3. Nf3 h6 4. Bc4 Bd7 5. 0-0 g5 6. Nc3 a6 7. Qe2 Bg7 8. d5 e5 9. Be3 Nf6 10. b4 Nh5 11. a4 Nf4 12. Bxf4 gxf4 13. b5 a5 14. b6 Bg4 15. Bb5+ Kf8 16. bxc7 Qxc7 17. Qd3 Nd7 18. h3 Nc5 19. Qe2 Bh5 20. Ra3 Qe7 21. g3 Rc8 22. Rb1 Bf6 23. h4 Rg8 24. Kf1 fxg3 25. fxg3 Rxg3 26. Qf2 Rxf3 0-1